000 00511pab a2200181 454500
008 180718b2010 xxu||||| |||| 00| 0 eng d
100 _aKim, Sangyoon
245 _aGlobalization and individuals: the political economy of South Korea's educational expansion
260 _c2010
300 _ap.309-28.
362 _aMay
650 _aEducation - South Korea
650 _aGlobalization - South Korea
650 _aGlobalization
773 _aJournal of Contemporary Asia
908 _aN
909 _a86599
999 _c86599
_d86599